Le superficie algebriche /

Guardado en:
Autor Principal: Enriques, Federigo, 1871-1946.
Formato: Libro
Idioma:Italian
Publicado: Bologna : Nicola Zanichelli, 1949.
Etiquetas: Agregar Etiqueta
Sin Etiquetas, Sea el primero en etiquetar este registro!
LEADER 00564nam a22001575a 4500
001 MAT.inmabb001568
008 031124s1949####it############000#0#ita#d
005 20170816160132.0
245 1 3 |a Le superficie algebriche /  |c Federigo Enriques. 
260 |a Bologna :  |b Nicola Zanichelli,  |c 1949. 
300 |a xv, 464 p. ;  |c 23 cm. 
500 |a "Contiene, rielaborata e ordinata, la parte maggiore dell'opera matematica di Federigo Enriques". 
510 4 |a MR,  |c MR0031770 
100 1 |a Enriques, Federigo,  |d 1871-1946. 
084 |a 14-XX  |2 msc2000 
859 |h 14  |i En59  |p A-1947  |b BIB. MATEMATICA